|
|
|
|
| LEADER |
00787nam a2200205Ia 4500 |
| 001 |
CTU_112294 |
| 008 |
210402s9999 xx 000 0 und d |
| 020 |
|
|
|c 45000
|
| 082 |
|
|
|a 005.2768
|
| 082 |
|
|
|b T502
|
| 100 |
|
|
|a Đậu, Quang Tuấn
|
| 245 |
|
0 |
|a Tự học lập trình Visual Basic .NET một cách nhanh chóng và có hiệu quả nhất qua các chương trình mẫu :
|
| 245 |
|
0 |
|b Dùng cho kỹ thuật viên và sinh viên ngành Tin học
|
| 245 |
|
0 |
|c Đậu Quang Tuấn
|
| 260 |
|
|
|a Hà Nội
|
| 260 |
|
|
|b Giao thông vận tải
|
| 260 |
|
|
|c 2005
|
| 650 |
|
|
|a Microsoft visual basic,Basic ( computer program language ),Microsoft .net
|
| 904 |
|
|
|i Minh
|
| 980 |
|
|
|a Trung tâm Học liệu Trường Đại học Cần Thơ
|